LEADER 00783nam a2200193 i 4500 001 000000155375 003 CaOOAMICUS 005 20061108000000.0 008 061108s1915 it u000 u ita u 013 $a132727 040 $aSeMil$bita 100 1 $aRicci, Serafino,$d<1867-1943>.$0(OLS)http://semarc/name/54323 245 10$aLeonardo, Raffaello, Michelangelo /$cProf. Serafino Ricci. 260 $a[S.l. :$bs.n.],$c1915$e(Milano :$fSocietą per le Arti Grafiche «La Gutenberg»,$g1915) 300 $a115 p. :$bill. ;$c17 cm. 850 $aSeMil 852 $aSeMil$W1$xVenegono$y1$m5G I 27$j107212$B107212$CSeMilBibl$Z2$F116594 $81 996 $6245$aLeonardo, Raffaello, Michelangelo$9(OLS)http://semarc/title/227530 996 $6260$a[S.l. :$bs.n.]$9(OLS)http://semarc/publisher/29751 LEADER 00917nam a2200241 i 4500 001 000000061361 003 CaOOAMICUS 005 20080603000000.0 008 080603s1966 it u000 u ita u 013 $a32533 040 $aSeMil$bita 100 1 $aFiori, Giuseppe <1923->.$0(OLS)http://semarc/name/31191 245 10$aVita di Antonio Gramsci /$cGiuseppe Fiori. 260 $aBari :$bLaterza,$c1966. 300 $a362 p. ;$c19 cm. 490 0 $aUniversale Laterza ;$v39 600 14$aGramsci, Antonio <1891-1937>.$0(OLS)http://semarc/subject/9163 830 0$aUniversale Laterza ;$v39.$0(OLS)http://semarc/title/6923 850 $aSeMil 852 $aSeMil$W1$xVenegono$y1$m2P I 429$j27514$B27514$CSeMilBibl$Z2$F27517 $81 961 $aOmaggio: Oggioni don Costantino 996 $6245$aVita di Antonio Gramsci$9(OLS)http://semarc/title/96398 996 $6260$aBari :$bLaterza$9(OLS)http://semarc/publisher/29858